000 00388nam a2200145Ia 4500
008 210210b1986 xxu||||| |||| 00| 0 eng d
082 _a307.72 SUNV
100 _aSUNDARAM (I Satya).
245 _aVoluntary agencies and rural development.
260 _aDelhi.
_bB R Publishing Corporation
_c1986
300 _aix,311
650 _aRural
690 _aRural Sociology
906 _a046581
999 _c96063
_d96063